000
00331nam a2200145Ia 4500
008
191201s2011 xx 000 0 und d
082
_a
004.21
_b
RAC
100
_a
RAO,P.N
245
0
_a
Computer Aided Manufacturing
250
_a
Rep
260
_a
N. Delhi
_b
TMH
_c
2011
300
_a
417
650
_a
M.Tech (ME)
942
_2
ddc
_c
BK
999
_c
5233
_d
5233